000 00474nam a2200157Ia 4500
003 IQ-KOUCL
041 _aArabic
082 _a340,072 cut-294 ج
100 _a20260118u\\\\\\\\\\\y0engy0103\\\\ba
100 _aسامر سلمان الجبوري
245 0 _aجريمة الاحتيال الالكتروني دراسة مقارنة
250 _aط1
260 _bمنشورات زين الحقوقية
_aبيروت - لبنان
_c2018
300 _a178
942 _cBk
999 _c187118
_d187118